000
00212nam a2200097Ia 4500
008
240331s9999 xx 000 0 und d
082
_b
SUB
100
_a
Suppu R.D
245
0
_a
Kalvi ulaviyal kodpaduhal
942
_c
L
999
_c
3609
_d
3609